Chemical operator's portable handbook

Saved in:
Bibliografiske detaljer
Hovedforfatter: Ballinger, Jack T (Author)
Format: Bog
Sprog:engelsk
Udgivet: Nueva York McGraw Hill 1999
Serier:McGraw Hill Portable Engineering Series
Fag:
Tags: Tilføj Tag
Ingen Tags, Vær først til at tagge denne postø!

MARC

LEADER 00000nam a2200000 a 4500
001 UCP6691
003 CL-VaPUC
008 991112e19990000US |||||||||||||||||eng|d
082 0 4 |a 540  |b BAL  |2 21 
100 0 |a Ballinger, Jack T  |e author  |9 435935 
245 1 0 |a Chemical operator's portable handbook 
300 |a p. irreg 
942 |c BK 
945 |d 19991112 00:00:00  |a rbrito 
260 |a Nueva York  |b McGraw Hill  |c 1999 
650 0 |a Procesos químicos  |9 259436 
650 7 |a SEGURIDAD QUIMICA  |2 CL-VaPUC  |9 435936 
650 0 |a Química inorgánica  |9 260154 
650 0 |a Química orgánica   |9 259426 
650 0 |a Gases  |9 260945 
650 0 |a Electricidad  |9 260222 
650 0 |a Energía   |9 259431 
583 |a last modification  |c 19991112 00:00:00  |k Rodrigo Vera 
490 0 |a McGraw Hill Portable Engineering Series 
999 |c 284159  |d 284157 
952 |0 0  |1 0  |4 0  |6 540_000000000000000_BAL_1999  |7 0  |8 A  |9 327930  |a BIBING  |b BIBING  |d 2019-11-20  |i 3578283  |l 1  |o 540 BAL 1999  |p 3578283  |q 2020-09-30  |r 2020-07-27  |s 2020-07-27  |w 2019-11-20  |y BK  |k EIQ